000 00296nam a2200121Ia 4500
008 150201s2002 xx 000 0 und d
082 _a610
_bB02N
100 _aNEGI,KS
245 _aBIOSTATISTICS WITH LATEST MCQ'S
260 _bAITBS
_aDELHI
_c2002
650 _aCOMMUNITY MEDICINE
942 _2ddc
_cBK
999 _c978
_d978